000 00393 a2200169 4500
001 184322
020 _a85-7406-222-7
040 _cMagnum
100 _aGaldino, Luiz
240 1 0 _aRuth rocha conta a ilíada
_lpor
245 1 0 _aRuth rocha conta a ilíada
300 _a139
362 0 _a2004
440 1 _aCompanhia das Letrinhas
697 _aLITERATURA INFANTO-JUVENIL
942 _cBK
999 _c184322
_d184322